000 00373 a2200157 4500
001 155480
040 _cEscola São Tomás de Aquino
100 _aORMUNDO, Wilton
240 1 0 _aConexões em língua portuguesa
_lpor
245 1 0 _aConexões em língua portuguesa
300 _a663
362 0 _a2013
440 1 _aModerna
697 _aLíngua portuguesa
942 _cBK
999 _c155480
_d155480